| 000 | 00588nam a2200217Ia 4500 | ||
|---|---|---|---|
| 003 | 0100 | ||
| 008 | 130303s9999 xx 000 0 und d | ||
| 040 | _cARRUPELIB | ||
| 050 | _aLB1028.B433 1987 | ||
| 100 | _aBell, Judith | ||
| 245 | _aDoing your research project | ||
| 245 | _ba guide for first-time researchers in education and social science | ||
| 260 | _aPhiladelphia | ||
| 260 | _bOpen University Press | ||
| 260 | _C1987 | ||
| 300 | _a145p. | ||
| 300 | _b 22cm. | ||
| 650 | _bReligious life - congresses | ||
| 650 | _cReligious life - Invertments | ||
| 942 |
_2lcc _01 |
||
| 999 |
_c66127 _d66127 |
||